000 00291nam a22001337a 4500
008 170822b xxu||||| |||| 00| 0 eng d
020 _a9781439049020
041 _aeng
080 _a51
100 _a37
101 _aMAT
245 _aINTERMEDIATE ALGEBRA
_cKAUFMANN,J.E
942 _2udc
_cBK
999 _c24482
_d24482